Hỏi và đáp các vấn đề tổ chức thi công xây dựng
XD075 Tổ chức thi công công trình; XD076 Đồ án Tổ chức thi công
Sparad:
| Huvudupphovsman: | |
|---|---|
| Materialtyp: | Bok |
| Språk: | Undetermined |
| Publicerad: |
TP.HCM
Đại học Quốc gia TP.HCM
2008
|
| Ämnen: | |
| Länkar: | http://lrc.tdmu.edu.vn/opac/search/detail.asp?aID=2&ID=3567 |
| Taggar: |
Lägg till en tagg
Inga taggar, Lägg till första taggen!
|
| Thư viện lưu trữ: | Trung tâm Học liệu Trường Đại học Thủ Dầu Một |
|---|
| LEADER | 00791nam a2200205Ia 4500 | ||
|---|---|---|---|
| 001 | TDMU_3567 | ||
| 008 | 210410s9999 xx 000 0 und d | ||
| 082 | |a 624.1 | ||
| 090 | |b N4993 | ||
| 100 | |a Ngô, Quang Tường | ||
| 245 | 0 | |a Hỏi và đáp các vấn đề tổ chức thi công xây dựng | |
| 245 | 0 | |c Ngô Quang Tường | |
| 260 | |a TP.HCM | ||
| 260 | |b Đại học Quốc gia TP.HCM | ||
| 260 | |c 2008 | ||
| 300 | |a 226tr. | ||
| 520 | |a XD075 Tổ chức thi công công trình; XD076 Đồ án Tổ chức thi công | ||
| 650 | |a Xây dựng |x Tổ chức thi công |v Hỏi đáp | ||
| 856 | |u http://lrc.tdmu.edu.vn/opac/search/detail.asp?aID=2&ID=3567 | ||
| 980 | |a Trung tâm Học liệu Trường Đại học Thủ Dầu Một | ||